[Event "Zug"]
[Site "Zug"]
[Date "1989.??.??"]
[Round "?"]
[White "Lane, Gary W"]
[Black "Landenbergue, Claude"]
[Result "1/2-1/2"]
[WhiteElo "2385"]
[BlackElo "2345"]

1.e4 e6 2.d4 d5 3.Nd2 Nc6 4.c3 e5 5.exd5 Qxd5 6.Ngf3 exd4 7.Bc4 Qh5 8.cxd4 Be6
9.Qb3 O-O-O 10.Bxe6+ fxe6 11.O-O Nh6 12.Ne4 Nf5 13.Qxe6+ Kb8 14.Bg5 Nfxd4
15.Nxd4 Rxd4 16.Be3 Qd5 17.Ng5 Qxe6 18.Nxe6 Rd7 19.Nxf8 Rxf8 20.Rac1 Rf5
21.g3 Rb5 22.Rc2 a5 23.Re1  1/2-1/2

[Event "FRA-ch"]
[Site "Angers"]
[Date "1990.??.??"]
[Round "9"]
[White "Daillet, Emmanuel"]
[Black "Prie, Eric"]
[Result "1-0"]
[WhiteElo "2280"]
[BlackElo "2405"]

1.e4 e6 2.d4 d5 3.Nd2 Nc6 4.Ngf3 Nf6 5.e5 Nd7 6.Be2 Be7 7.Nf1 O-O 8.Ng3 f6
9.exf6 Bxf6 10.O-O e5 11.dxe5 Ndxe5 12.Nh5 d4 13.Bf4 Bf5 14.Nxf6+ gxf6 15.Qd2 Be4
16.Bxe5 fxe5 17.Ng5 Bd5 18.Bd3 Rf4 19.Nh3 Rg4 20.f3 Rg7 21.Rae1 Qh4 22.Kh1 Rf8
23.Ng1 Rf6 24.Rf2 Rh6 25.h3 Rf6 26.Be4 Bxe4 27.Rxe4 Qg3 28.f4 h6 29.Rf3 Qg6
30.Qe2 exf4 31.Rfxf4 Rxf4 32.Rxf4 Qd6 33.Qe8+ Kh7 34.Rf8 Rd7 35.Rh8+  1-0

[Event "FRA-ch"]
[Site "Angers"]
[Date "1990.??.??"]
[Round "12"]
[White "Guyot, Philippe"]
[Black "Prie, Eric"]
[Result "0-1"]
[WhiteElo "2340"]
[BlackElo "2405"]

1.e4 e6 2.d4 d5 3.Nd2 Nc6 4.Ngf3 Nf6 5.e5 Nd7 6.Nb3 a5 7.a4 b6 8.Ng5 Be7
9.f4 h5 10.c3 Bxg5 11.fxg5 Ne7 12.Bd3 Ba6 13.g6 Nxg6 14.Bxg6 fxg6 15.h4 O-O
16.Bg5 Qe8 17.Qc2 Qf7 18.O-O-O Qf5 19.Kb1 Qxc2+ 20.Kxc2 Be2 21.Rd2 Bg4 22.Kd3 Rf7
23.Rc1 Raf8 24.c4 dxc4+ 25.Rxc4 Nb8 26.Ke3 Na6 27.Na1 Nb4 28.Nc2 Nd5+ 29.Kd3 Bf5+
30.Ke2 Bxc2  0-1

[Event "FRA-ch"]
[Site "Angers"]
[Date "1990.??.??"]
[Round "14"]
[White "Roos, Louis"]
[Black "Mercier, Jean Pierre"]
[Result "1-0"]
[WhiteElo "2380"]
[BlackElo "2245"]

1.e4 e6 2.d4 d5 3.Nd2 a6 4.Ngf3 c5 5.exd5 exd5 6.Qe2+ Be7 7.dxc5 Nf6 8.Nb3 O-O
9.Be3 Bg4 10.h3 Bh5 11.O-O-O Nbd7 12.g4 Bg6 13.Nh4 Be4 14.f3 Bg6 15.g5 Nh5
16.Rg1 Qc7 17.Qf2 Rfd8 18.Nxg6 hxg6 19.f4 a5 20.a4 d4 21.Rxd4 Rac8 22.Rc4 Nf8
23.Be2 Re8 24.f5 Qe5 25.fxg6 fxg6 26.Rc3 Rcd8 27.Bc4+ Kh7 28.Bf7 Ne6 29.Bxe8 Rxe8
30.Bd2 Nxg5 31.Re3 Ne4 32.Qg2 Bf6 33.Qxg6+ Kg8 34.Rxe4 Qxe4 35.Qxh5 Re5 36.Qg6 Qxa4
37.Qxf6  1-0

[Event "JUG-chT FL"]
[Site "Arandjelovac"]
[Date "1990.??.??"]
[Round "7"]
[White "Krstic, Mladen"]
[Black "Ilic, Dragan"]
[Result "0-1"]
[WhiteElo "2280"]
[BlackElo "2395"]

1.e4 e6 2.d4 d5 3.Nd2 Nc6 4.Ngf3 Nf6 5.e5 Nd7 6.c3 f6 7.exf6 Qxf6 8.Bb5 Bd6
9.Qe2 O-O 10.O-O e5 11.dxe5 Ndxe5 12.Nxe5 Nxe5 13.f4 Ng6 14.g3 c6 15.Bd3 Bh3
16.Re1 Bxf4 17.Qf2 Bc7 18.Qxf6 Rxf6 19.Bf1 Bb6+ 20.Kh1 Bg4 21.Nb3 Bf2  0-1

[Event "Blackpool zt (Women)"]
[Site "Blackpool"]
[Date "1990.??.??"]
[Round "?"]
[White "Jackson, Sheila"]
[Black "McLure, Alison"]
[Result "1-0"]
[WhiteElo "2220"]
[BlackElo "2010"]

1.e4 e6 2.d4 d5 3.Nd2 a6 4.Ngf3 c5 5.exd5 exd5 6.Be2 Nc6 7.O-O cxd4 8.Nb3 Nf6
9.Nbxd4 Bd6 10.Bg5 h6 11.Bh4 O-O 12.c3 Re8 13.Re1 Bg4 14.Qd3 Bc5 15.Rad1 Bxd4
16.Nxd4 Ne5 17.Qc2 Qb6 18.Bxg4 Nexg4 19.h3 Ne5 20.Bxf6 Qxf6 21.Qf5 Qxf5 22.Nxf5 Nc4
23.b3 Ne5 24.Kf1 Rad8 25.Ne3 d4 26.Rxd4 Rxd4 27.cxd4 Nc6 28.d5 Nb4 29.a3 Nd3
30.Rd1 Nc5 31.b4 Ne4 32.Rc1 Rd8 33.Ke2 Nf6 34.Rc7 Rd7 35.Rxd7 Nxd7 36.Kd3 g6
37.Kd4 Kf8 38.Ng4 Ke7 39.Ne5 Nf6 40.Kc5 Ne4+ 41.Kb6 Nd6 42.a4 Kd8 43.f3 g5
44.Ng4 h5 45.Nf6 h4 46.Ne4  1-0

[Event "CSR-ch"]
[Site "Brno"]
[Date "1990.??.??"]
[Round "2"]
[White "Mrva, Martin"]
[Black "Augustin, Josef"]
[Result "1/2-1/2"]
[WhiteElo "2340"]
[BlackElo "2385"]

1.e4 e6 2.d4 d5 3.Nd2 a6 4.Ngf3 c5 5.dxc5 Bxc5 6.Bd3 Nc6 7.O-O Nge7 8.c3 O-O
9.Qc2 h6 10.Re1 Qc7 11.Nf1 dxe4 12.Rxe4 f5 13.Bf4 Bd6 14.Bxd6 Qxd6  1/2-1/2

[Event "Spring op"]
[Site "Budapest"]
[Date "1990.??.??"]
[Round "5"]
[White "Tolnai, Tibor"]
[Black "Monin, Nikolay"]
[Result "1-0"]
[WhiteElo "2490"]
[BlackElo "2365"]

1.e4 e6 2.d4 d5 3.Nd2 Nc6 4.Ngf3 Nf6 5.e5 Nd7 6.Bb5 a6 7.Bxc6 bxc6 8.Nb3 a5
9.Bg5 Be7 10.h4 h6 11.Be3 a4 12.Nc5 Nxc5 13.dxc5 Ba6 14.Qd4 Kd7 15.Qxa4 Qb8
16.Qb3 Qa7 17.Qc3 Rhb8 18.a4 Rb7 19.b3 Rab8 20.h5 Rb4 21.Rh3 R8b7 22.Rg3 Bf8
23.O-O-O Be2 24.Rd4 Rxd4 25.Qxd4 Qb8 26.Qd2 Ba6 27.Rg4 Qa7 28.Kb1 Bf1 29.Qe1 Ba6
30.Kc1 Ke8 31.Qa5 Be2 32.Qxa7 Rxa7 33.Rb4 Ra8 34.Kd2 Bxf3 35.gxf3 Be7 36.Rg4 Bf8
37.Kc3 Rb8 38.b4 Kd7 39.Kd3 Ra8 40.a5 Rb8 41.Bd2 Ra8 42.c4 dxc4+ 43.Kxc4 Rd8
44.Rf4 Ke8 45.Bc3 Rd1 46.Bd4  1-0

[Event "Cali zt"]
[Site "Cali"]
[Date "1990.??.??"]
[Round "4"]
[White "Espinoza Flores, Rafael"]
[Black "Juarez Flores, Carlos A"]
[Result "0-1"]
[WhiteElo "2395"]
[BlackElo "2375"]

1.e4 e6 2.d4 d5 3.Nd2 Nc6 4.Ngf3 Nf6 5.e5 Nd7 6.Nb3 Be7 7.c4 dxc4 8.Bxc4 Nb4
9.a3 Nd5 10.O-O b6 11.Qe2 Bb7 12.Bd2 a5 13.a4 Nb8 14.Rac1 Ba6 15.Bb5+ Bxb5
16.axb5 O-O 17.Ne1 Qd7 18.Qc4 Rc8 19.Nd3 c6 20.Nf4 a4 21.Na1 Nxf4 22.Bxf4 Ra5
23.bxc6 Nxc6 24.Rfd1 b5 25.Qd3 b4 26.Rc4 b3 27.Rdc1 Raa8 28.Qc3 Bb4 29.Qf3 Nxd4
30.Qd3 Rxc4 31.Rxc4 Rd8 32.h3 Be7 33.Kh2 Qb5 34.Qf1 g5 35.Bg3 a3  0-1

[Event "Cannes op"]
[Site "Cannes"]
[Date "1990.??.??"]
[Round "5"]
[White "Berend, Fred"]
[Black "Gentilleau, Jean Philippe"]
[Result "1/2-1/2"]
[WhiteElo "2240"]
[BlackElo "2020"]

1.e4 e6 2.d4 d5 3.Nd2 Nc6 4.Ngf3 Nf6 5.e5 Nd7 6.Bb5 a5 7.O-O Na7 8.a4 Nxb5
9.axb5 c5 10.dxc5 Bxc5 11.Nb3 Be7 12.Bd2 a4 13.Nbd4 O-O 14.b3 Nb6 15.Qe1 axb3
16.cxb3 Rxa1 17.Qxa1 Nd7 18.Rc1 Nc5 19.Ba5 Qe8 20.Bb6 Ne4 21.Rc7 f6 22.Qc1 fxe5
23.Nxe5 Bd6 24.f4 Bxc7 25.Bxc7 Bd7 26.b6 Qe7 27.Qa1 Bc8 28.Nef3 Qc5 29.h3 Ng3
30.Kh2 Nf5 31.Be5 Qxb6 32.Nxf5 Rxf5 33.Bxg7 Rxf4 34.Bd4 Qc6 35.Qe1 Rxf3 36.gxf3 Qc7+
37.Kg1 Qf7 38.Qc1 Qg6+ 39.Kf2 Bd7 40.Qc7 Bc6 41.Qb8+ Kf7 42.Qf4+ Kg8 43.b4 Qc2+
44.Kg3 Qg6+ 45.Kh2 Qc2+ 46.Kh1 Qb1+ 47.Kg2 Qc2+ 48.Kg3 Qg6+ 49.Kh4 Be8 50.Qe5 Qh6+
51.Kg3 Qg6+ 52.Kf2 Qc2+ 53.Ke3 Qc1+ 54.Kf2 Qc2+ 55.Kg1 Qb1+ 56.Kg2 Qg6+ 57.Kh1 Qb1+
58.Kh2 Qc2+ 59.Kg3 Qg6+ 60.Kf4 Qh6+  1/2-1/2

[Event "Cannes op"]
[Site "Cannes"]
[Date "1990.??.??"]
[Round "8"]
[White "Denis, Laurent"]
[Black "Gentilleau, Jean Philippe"]
[Result "1-0"]
[WhiteElo "2150"]
[BlackElo "2020"]

1.e4 e6 2.d4 d5 3.Nd2 Nc6 4.c3 e5 5.exd5 Qxd5 6.Ngf3 exd4 7.Bc4 Qf5 8.cxd4 Be6
9.g4 Qa5 10.Qe2 O-O-O 11.Bxe6+ fxe6 12.Qxe6+ Kb8 13.O-O Nf6 14.Nb3 Qa6 15.Bg5 Bd6
16.Bxf6 gxf6 17.Rfe1 h5 18.g5 fxg5 19.Nxg5 Rhg8 20.h4 Bf4 21.Nc5 Qa5 22.Qb3 Qb4
23.Ne6 Bxg5 24.hxg5 Qd2 25.Rad1 Qa5 26.d5 Ne7 27.Nxd8 Rxg5+ 28.Kh1 Kc8 29.Rxe7 Kxd8
30.Qe3 Qa4 31.Qxg5  1-0

[Event "Cannes op"]
[Site "Cannes"]
[Date "1990.??.??"]
[Round "9"]
[White "Metral, Jean Paul"]
[Black "Zimmermann, Walter"]
[Result "1-0"]
[WhiteElo "2220"]
[BlackElo "2040"]

1.e4 e6 2.d4 d5 3.Nd2 Nc6 4.Ngf3 Nf6 5.e5 Nd7 6.Nb3 a5 7.a4 b6 8.c3 Ba6 9.Bxa6 Rxa6
10.O-O Ra7 11.Ne1 Ne7 12.Bg5 Qc8 13.Bxe7 Bxe7 14.f4 O-O 15.g4 f6 16.Nd3 f5
17.Ne1 c5 18.Ng2 Nb8 19.Ne3 c4 20.Nd2 g6 21.Kh1 Rf7 22.Rg1 Kh8 23.gxf5 gxf5
24.Qh5 Bf8 25.Nf3 Rg7 26.Rxg7 Rxg7 27.Ng5 Be7 28.Nf7+ Kg8 29.Nh6+ Kf8 30.Rg1 Rxg1+
31.Kxg1 Qe8 32.Qxe8+ Kxe8 33.Nhxf5 exf5 34.Nxd5 Bd8 35.Ne3 Na6 36.Nxf5 Nc7
37.Nd6+ Kd7 38.Nxc4 Kc6 39.f5 Bg5 40.f6 Nd5 41.Kf2 Kd7 42.Kf3 Ke6 43.Ke4 Bc1
44.Kd3 h5 45.Ke4 h4 46.Kf3 Kf5 47.Nd6+ Ke6 48.Nc4 Kf5 49.h3 Bh6 50.Nd6+ Ke6
51.Ne4 Nf4 52.Kg4 Nd3 53.b3 Nc1 54.Kh5 Bf8 55.Kg6 Nxb3 56.Ng5+ Kd5 57.e6 Kd6
58.Kf7  1-0

[Event "ESP-chT"]
[Site "?"]
[Date "1990.??.??"]
[Round "?"]
[White "Ochoa de Echaguen, F Javier"]
[Black "Comas Fabrego, Luis"]
[Result "1-0"]
[WhiteElo "2400"]
[BlackElo "2350"]

1.e4 e6 2.d4 d5 3.Nd2 Be7 4.Bd3 c5 5.dxc5 Nf6 6.exd5 Qxd5 7.Ngf3 Nbd7 8.O-O Qxc5
9.Nb3 Qc7 10.Bg5 b6 11.Qe2 Bb7 12.Nbd4 O-O 13.c3 Rfe8 14.Rfe1 a6 15.Bc2 Bc5
16.Rad1 Rac8 17.Bh4 e5 18.Nf5 Qc6 19.Bb3 b5 20.Qd2 Nf8 21.Qg5 Ng6 22.Nxe5 Rxe5
23.Rxe5 Ne4 24.Rd8+ Bf8 25.Qxg6  1-0

[Event "FRA-chT"]
[Site "FRA"]
[Date "1990.??.??"]
[Round "?"]
[White "Kosten, Anthony C"]
[Black "Gallagher, Joseph G"]
[Result "1/2-1/2"]
[WhiteElo "2485"]
[BlackElo "2470"]

1.e4 e6 2.d4 d5 3.Nd2 Nc6 4.Ngf3 Nf6 5.e5 Nd7 6.c3 Be7 7.Bd3 f6 8.Qe2 f5
9.Nf1 O-O 10.h3 Rf7 11.g4 f4 12.h4 Nf8 13.g5 Na5 14.Rg1 c5 15.h5 g6 16.hxg6 Nxg6
17.dxc5 b6 18.N1h2 Kf8 19.Qc2 Rg7 20.Bxg6 hxg6 21.Bxf4 d4 22.O-O-O Qd5 23.b3 bxc5
24.c4 Qc6 25.Nh4 Kf7 26.Ng4 Bb7 27.Nh6+ Ke8 28.Nxg6 Qa6 29.Nxe7 Kxe7 30.g6 Nc6
31.Bd2 Qa3+ 32.Kb1 Rd8 33.Nf7 Rdg8 34.Nd6 Ba8 35.Nb5 Qa6 36.Nc7 Qb7 37.Nxa8 Qxa8
38.Rg5 Kd7 39.Rdg1 Ne7 40.R5g3 Nf5 41.Rh3 Rxg6 42.Rxg6 Rxg6 43.Rh7+ Rg7 44.Rxg7+ Nxg7
45.Qh7 Qf8 46.Bh6 Qf5+ 47.Qxf5 Nxf5 48.Bf8 Kc6 49.Kc2 Nh4 50.Kd3 Nf3 51.Bd6 a5
52.Ke2 Ng1+ 53.Kd2 Nf3+ 54.Kd3 Kb6 55.a3 Kc6 56.b4 cxb4 57.axb4 axb4 58.Bxb4 Nxe5+
59.Kxd4 Nd7 60.Be7 Kb7 61.Bd6 Kc6 62.Bf4 Kb6 63.Be3 Kc6 64.Ke4 Nb8 65.Ba7 Na6
66.Kd4 Kb7 67.Bc5 Kc6 68.Bf8 Kd7 69.Bh6 Nb8 70.Kc5 Nc6 71.Bg5 Nb8 72.Bf6 Nc6
73.Bc3  1/2-1/2

[Event "Peer Gynt"]
[Site "Gausdal"]
[Date "1990.??.??"]
[Round "9"]
[White "Winsnes, Rikard"]
[Black "Schmittdiel, Eckhard"]
[Result "0-1"]
[WhiteElo "2355"]
[BlackElo "2505"]

1.e4 e6 2.d4 d5 3.Nd2 a6 4.Ngf3 Nf6 5.Bd3 c5 6.e5 Nfd7 7.c3 Nc6 8.O-O Be7
9.Re1 cxd4 10.cxd4 Qb6 11.Qa4 Qa7 12.a3 h6 13.Nf1 b5 14.Qc2 Nxd4 15.Nxd4 Qxd4
16.Be3 Qxe5 17.Bxh6 Qf6 18.Bd2 Bb7 19.Qc7 Nc5 20.Bc2 Rc8 21.Qg3 Qxb2 22.Ne3 Bf6
23.Nf5 Qxc2 24.Nd6+ Ke7 25.Bb4 Bxa1 26.Nxb7 Bd4  0-1

[Event "BL2-N8990"]
[Site "Germany"]
[Date "1990.??.??"]
[Round "?"]
[White "Schruefer, Guenther"]
[Black "Ehrke, Anja"]
[Result "0-1"]
[WhiteElo "2205"]
[BlackElo "2275"]

1.e4 e6 2.d4 d5 3.Nd2 Nc6 4.Ngf3 Nf6 5.e5 Nd7 6.c3 f6 7.exf6 Qxf6 8.Bb5 Bd6
9.Nf1 a6 10.Ba4 Nb6 11.Bb3 e5 12.dxe5 Nxe5 13.Bxd5 Nxd5 14.Qxd5 c6 15.Qd4 Nxf3+
16.gxf3 Be5 17.Qb4 a5 18.Qc5 b6 19.Qxb6 O-O 20.Bd2 Qxf3 21.Rg1 Bg4 22.Qe3 Qf5
23.h3 Rae8 24.hxg4 Qc2 25.Rc1 Qxb2 26.Qe2 Bh2 27.Nxh2 Rxe2+ 28.Kxe2 Qxa2
29.Nf1 Qc4+ 30.Ke1 a4 31.Ne3 Qd3 32.c4 a3 33.Rc3 Qb1+ 34.Rc1 a2 35.Ke2 Qe4
36.Rgf1 Qf3+ 37.Kd3 Rd8+ 38.Kc3 Qe2 39.Rfd1 Qd3+ 40.Kb4 Rb8+ 41.Kc5 Rb1 42.Bc3 Qxc3
43.Rxc3 Rxd1 44.Nc2 Rc1 45.Ra3 Rxc2 46.Ra7 h6 47.f4 g6 48.f5 gxf5 49.gxf5 h5
50.Kd4 h4 51.Ke5 h3 52.f6 h2 53.Ra8+ Kf7  0-1

[Event "Bundesliga 8990"]
[Site "Germany"]
[Date "1990.??.??"]
[Round "?"]
[White "Hausner, Ivan"]
[Black "Schussler, Harry"]
[Result "1-0"]
[WhiteElo "2440"]
[BlackElo "2490"]

1.d4 e6 2.e4 d5 3.Nd2 a6 4.Ngf3 c5 5.dxc5 Bxc5 6.Bd3 Nc6 7.c3 Nf6 8.Qe2 O-O
9.O-O Bb6 10.e5 Nd7 11.Nb3 f6 12.exf6 Nxf6 13.Nbd4 Nxd4 14.cxd4 Qd6 15.Be3 Bd7
16.Ne5 Be8 17.Rac1 Bb5 18.Rc2 Bxd3 19.Qxd3 Nd7 20.Qb3 Nf6 21.Rfc1 a5 22.a4 Rfe8
23.f3 Rab8 24.Qb5 Bd8 25.Rc3 Qb6 26.Qxb6 Bxb6 27.Rb3 Bd8 28.Nc6 Rc8 29.Rxb7 Kf8
30.Bf4 Nh5 31.Bd6+ Kg8 32.Rc5 Bg5 33.g4 Be3+ 34.Kf1  1-0

[Event "BL2-N8990"]
[Site "Germany"]
[Date "1990.??.??"]
[Round "?"]
[White "Blauert, Joerg"]
[Black "Behrens, Harald"]
[Result "1-0"]
[WhiteElo "2355"]
[BlackElo "2305"]

1.e4 e6 2.d4 d5 3.Nd2 a6 4.Ngf3 c5 5.dxc5 Bxc5 6.Bd3 Nf6 7.O-O Nc6 8.a3 b5
9.b4 Be7 10.Bb2 Bb7 11.Re1 dxe4 12.Nxe4 Nxe4 13.Bxe4 Bf6 14.Bxf6 gxf6 15.Qc1 Rc8
16.Qh6 Ke7 17.Nh4 Qf8 18.Qe3 Rc7 19.Rad1 Qb8 20.Nf5+ Kf8 21.Qh6+ Ke8 22.Qxf6 Rg8
23.Nd6+ Kf8 24.Nxb7  1-0

[Event "Gistrup"]
[Site "Gistrup"]
[Date "1990.??.??"]
[Round "1"]
[White "Mannion, Stephen R"]
[Black "Hansen, Lars Bo"]
[Result "1/2-1/2"]
[WhiteElo "2315"]
[BlackElo "2460"]

1.e4 e6 2.d4 d5 3.Nd2 Be7 4.Ngf3 Nf6 5.e5 Nfd7 6.Bd3 c5 7.c3 Nc6 8.O-O Qb6
9.Re1 cxd4 10.cxd4 Nxd4 11.Nxd4 Qxd4 12.Nf3 Qb6 13.Qc2 Nf8 14.Be3 Qd8 15.Rac1 Ng6
16.g3 Bd7 17.Qb3 Bc6 18.Bd4 Qd7 19.Bb1 O-O 20.h4 Rfc8 21.Qe3 b6 22.Ng5 Nf8
23.Qf4 Qe8 24.Qe3 Bb7 25.Qd3 Rxc1 26.Rxc1 Rc8 27.Rd1 g6 28.Qe3 Bc5 29.h5 Qe7
30.hxg6 fxg6 31.Kg2 Qg7 32.b3 Bc6 33.f4 Be8 34.Nf3 Qe7 35.Bd3 Rc7 36.a4 Bxd4
37.Nxd4 Qa3 38.Bb5 Bxb5 39.Nxb5 Qb2+ 40.Rd2 Rc2 41.Rxc2 Qxc2+ 42.Kg1 a6 43.Nd4 Qd1+
44.Kf2 Qa1 45.f5 Qb2+ 46.Kg1 Qb1+ 47.Kf2 Qb2+ 48.Kg1 Qb1+  1/2-1/2

[Event "Gistrup"]
[Site "Gistrup"]
[Date "1990.??.??"]
[Round "2"]
[White "Nielsen, Jorgen G"]
[Black "Sorensen, Bent"]
[Result "1-0"]
[WhiteElo "2260"]
[BlackElo "2320"]

1.e4 e6 2.d4 d5 3.Nd2 a6 4.e5 c5 5.c3 Nc6 6.Ngf3 Qb6 7.Nb3 cxd4 8.Nbxd4 f6
9.Bd3 Bd7 10.O-O O-O-O 11.Nxc6 Bxc6 12.b4 Ne7 13.a4 Nf5 14.b5 Be8 15.bxa6 bxa6
16.Rb1 Qa7 17.Qe2 Bc6 18.exf6 gxf6 19.Qxe6+ Bd7 20.Qxf6 Bg7 21.Bf4  1-0

[Event "Gistrup"]
[Site "Gistrup"]
[Date "1990.??.??"]
[Round "6"]
[White "Mannion, Stephen R"]
[Black "Sorensen, Bent"]
[Result "1-0"]
[WhiteElo "2315"]
[BlackElo "2320"]

1.e4 e6 2.d4 d5 3.Nd2 a6 4.Ngf3 c5 5.exd5 exd5 6.Be2 cxd4 7.O-O Bd6 8.Nb3 Nc6
9.Re1 Nge7 10.Nbxd4 O-O 11.c3 Qc7 12.h3 Ng6 13.Bd3 Nce5 14.Bc2 Re8 15.Nxe5 Bxe5
16.Nf3 Bd7 17.Be3 Bc6 18.Qd3 Bd6 19.Nd4 Bd7 20.Rad1 Rad8 21.Bg5 Rc8 22.Bb1 Qb6
23.Nb3 Be6 24.Be3 Qd8 25.Nd4 Bb8 26.Nf3 Qd6 27.Bd4 Bd7 28.b4 Ba4 29.Rc1 Re4
30.Bc5 Qf4 31.g3 Qf5 32.Rxe4 dxe4 33.Qxe4 Qxh3 34.Qf5 Bd7 35.Qxh3 Bxh3 36.Be4 b6
37.Bxb6 Ne5 38.Nxe5 Bxe5 39.c4 Be6 40.Bd3 Rb8 41.Bc5 Rc8 42.Be3 Bb2 43.Rc2 Ba3
44.c5 Bxb4 45.Bxa6 Ra8 46.Bc4 Bf5 47.Rb2 Bc3 48.Rb7 Be6 49.Bxe6 fxe6 50.a4 Be5
51.f4 Bf6 52.c6 Rc8 53.c7 Kf7 54.a5  1-0

[Event "Groningen op"]
[Site "Groningen"]
[Date "1990.??.??"]
[Round "8"]
[White "Svidler, Peter"]
[Black "Visser, Yge"]
[Result "1/2-1/2"]
[WhiteElo "2430"]
[BlackElo "2340"]

1.e4 e6 2.d4 d5 3.Nd2 Be7 4.Ngf3 Nf6 5.e5 Nfd7 6.c4 dxc4 7.Nxc4 Nb6 8.Nxb6 axb6
9.Bd3 Bd7 10.O-O Bc6 11.Re1 Bd5 12.Be3 Nc6 13.a3 O-O 14.Nd2 f5 15.f4 Qd7
16.Qc2 Rf7 17.Rad1 Kh8 18.Nb1 Bd8 19.Nc3 Ne7 20.Nxd5 Nxd5 21.Bc4 b5 22.Bxd5 Qxd5
23.Qc5 c6 24.Qxd5 exd5 25.Bd2 Be7 26.Kf2 Kg8 27.Kf3 g6 28.h3 Ra4 29.Bc3 Rf8
30.g4 Kf7 31.gxf5 gxf5 32.e6+ Ke8 33.Rg1 b4 34.axb4 Bxb4 35.Rg7 Bxc3 36.bxc3 Ra3
37.Rd3 Rf6 38.Re3 Rg6 39.Rxh7 Ra2 40.Rxb7 Rag2 41.Rb8+  1/2-1/2

[Event "Hamburg IMT"]
[Site "Hamburg"]
[Date "1990.??.??"]
[Round "4"]
[White "Tompa, Janos"]
[Black "Mueller, Karsten"]
[Result "1/2-1/2"]
[WhiteElo "2420"]
[BlackElo "2380"]

1.e4 e6 2.d4 d5 3.Nd2 a6 4.Ngf3 c5 5.dxc5 Bxc5 6.Bd3 Nc6 7.c3 Nf6 8.Qe2 O-O
9.O-O Bb6 10.e5 Nd7 11.Nb3 f6 12.exf6 Nxf6 13.Nbd4 Qd6 14.g3 e5 15.Nxc6 e4
16.Ncd4 Bg4 17.Bf4 Qd8 18.Qc2 exf3 19.Bf5 Bxf5 20.Qxf5 Bxd4 21.cxd4 Ne4 22.Qg4 Qc8
23.Qxf3 g5 24.Qh5 Qf5 25.Be3 Rae8 26.Rae1 g4 27.Qxf5 Rxf5 28.Bf4 Rc8 29.Rc1 Rff8
30.Kg2 h5 31.Rxc8 Rxc8 32.Rc1 Rxc1 33.Bxc1 Kf7 34.Bf4 Kg6 35.f3 Nf6 36.h3 Kf5
37.Be5 Nh7 38.fxg4+ hxg4 39.h4 Ke4 40.Kf2 Kd3 41.h5 Kd2 42.a4 b6 43.Bc7 b5
44.axb5 axb5 45.Bd6 Kd3 46.Bc5 Kd2 47.h6 Nf6 48.Bb4+ Kd3 49.Be7 Nh7 50.Ke1 Ke3
51.Kd1 Kd3 52.Kc1 Kxd4 53.Kd2 Ke4 54.Kc3 d4+ 55.Kd2 d3 56.Bc5 Nf6 57.Bb4 Nh7
58.Be7 Kd4 59.b3 Ke4 60.Bd6 Kd4 61.Bf4 Nf6 62.Be3+ Ke4  1/2-1/2

[Event "Balkaniad"]
[Site "Kavala"]
[Date "1990.??.??"]
[Round "1"]
[White "Georgiev, Krum"]
[Black "Skalkotas, Nikolaos"]
[Result "1-0"]
[WhiteElo "2455"]
[BlackElo "2310"]

1.e4 e6 2.d4 d5 3.Nd2 Nc6 4.Ngf3 Nf6 5.e5 Nd7 6.Bb5 Ncb8 7.O-O b6 8.Qe2 a5
9.Bd3 Be7 10.c4 Bb7 11.cxd5 Bxd5 12.Ne4 Nc6 13.a3 a4 14.Be3 Na5 15.Nc3 Nb3
16.Nxd5 exd5 17.Rad1 O-O 18.Qc2 g6 19.Bh6 Re8 20.e6 Nf8 21.exf7+ Kxf7 22.Bb5  1-0

[Event "Balkaniad"]
[Site "Kavala"]
[Date "1990.??.??"]
[Round "4"]
[White "Ermenkov, Evgenij"]
[Black "Kovacevic, Vlatko"]
[Result "0-1"]
[WhiteElo "2465"]
[BlackElo "2530"]

1.e4 e6 2.d4 d5 3.Nd2 Nc6 4.Ngf3 Nf6 5.e5 Nd7 6.Bb5 a5 7.c3 Na7 8.Bd3 c5
9.O-O Nc6 10.Re1 cxd4 11.cxd4 a4 12.Nf1 Be7 13.Ng3 h5 14.Ne2 Nb6 15.g3 Nb4
16.Bb1 Bd7 17.h4 Nc4 18.Nf4 Qb6 19.Kg2 Kd8 20.Ng5 Bxg5 21.hxg5 g6 22.Ne2 Nc6
23.Rh1 Kc7 24.Rh4 Nxb2 25.Qd2 a3 26.Qf4 Rhc8 27.Qxf7 Rf8 28.Qxg6 Nd1 29.Rf4 Qb2
30.Bc2 Qxa1 31.Bxd1 Rxf4 32.gxf4 Qxa2 33.f5 Qb1 34.Nc3 Qxc1 35.fxe6 Qxc3
36.exd7 Qxd4 37.Qd6+ Kb6 38.e6 a2 39.Bf3 Qc5  0-1

[Event "JUG-ch (Women)"]
[Site "Kladovo"]
[Date "1990.??.??"]
[Round "?"]
[White "Micic, Snezana"]
[Black "Pihajlic, Amalija"]
[Result "1-0"]
[WhiteElo "2120"]
[BlackElo "2210"]

1.e4 e6 2.d4 d5 3.Nd2 Nc6 4.c3 Nf6 5.e5 Nd7 6.Bd3 g6 7.f4 Ne7 8.Ne2 h5 9.g3 c5
10.Nf3 Nf5 11.O-O a6 12.a4 Nb8 13.Kh1 Nc6 14.Bc2 Bd7 15.b3 Qc7 16.Qd2 cxd4
17.Nfxd4 Rc8 18.Bxf5 gxf5 19.Bb2 Na5 20.Ba3 Bxa3 21.Rxa3 Qd8 22.Raa1 h4 23.Kg2 Qb6
24.Qe3 Qc7 25.Qf2 Ke7 26.gxh4 Rcg8+ 27.Kh1 Rg4 28.b4 Nc4 29.Nf3 Nb2 30.h3 Rg7
31.Rg1 Rgh7 32.b5 axb5 33.axb5 Nd3 34.Qd4 Bxb5 35.Rgb1 Bc4 36.Qa7 Rb8 37.Kh2 Rhh8
38.Rb6 Nc5 39.Ned4 Ra8 40.Rc6 Rxa7 41.Rxc7+ Kd8 42.Rc8+ Kxc8 43.Rxa7 Kc7
44.Ra1 Ne4 45.Ra3 Kb8 46.Nd2 Be2 47.N2f3 Bd3 48.Ne1 Bf1 49.Nef3 Rc8 50.Ng5 Nxc3
51.h5 Ne2 52.Rf3 Nxd4 53.Rxf1 Rh8 54.Nxf7 Rxh5 55.Ng5 Rh6 56.Kg2 Kc7 57.Rc1+ Nc6
58.Rb1 Na5 59.Kg3 Kc6 60.h4 b5 61.h5 Nc4 62.Kh4 Kc5 63.Nf3 Rh8 64.Ng5 Re8
65.h6 d4 66.h7 Ne3 67.Nxe6+ Kc4 68.Kg3 Rh8 69.Ng5 d3 70.Kf3 Nd5 71.Rh1 d2
72.Ke2 Kc3 73.Ne6 b4 74.Rh3+ Kc2 75.Nd4+ Kc1 76.Rh1+ Kb2 77.Kxd2 Nxf4 78.e6 b3
79.Rh4 Ka2 80.Rxf4 b2 81.Rxf5 b1=N+ 82.Kc1  1-0

[Event "JUG-sf"]
[Site "Kladovo"]
[Date "1990.??.??"]
[Round "9"]
[White "Maksimovic, Branimir"]
[Black "Ilic, Dragan"]
[Result "1-0"]
[WhiteElo "2365"]
[BlackElo "2420"]

1.e4 e6 2.d4 d5 3.Nd2 Nc6 4.Ngf3 Nf6 5.e5 Nd7 6.Bd3 Nb4 7.Be2 c5 8.c3 Nc6
9.Bd3 cxd4 10.cxd4 f5 11.exf6 Nxf6 12.O-O Bd6 13.Nb3 O-O 14.Bg5 Qc7 15.Rc1 Nh5
16.Re1 Qf7 17.Bh4 g6 18.Bb5 Bf4 19.Rc3 Ne7 20.Nc5 Nf5 21.Bg3 Nd6 22.Ba4 b6
23.Nd3 Ne4 24.Rc2 a6 25.Rce2 Ra7 26.Bc2 Qg7 27.Nxf4 Nxf4 28.Bxf4 Rxf4 29.Bxe4 dxe4
30.Rxe4 Rxe4 31.Rxe4 Rc7 32.h4 Qf6 33.Qd2 Bb7 34.Rf4 Qg7 35.Ne5 Bd5 36.Ng4 Rf7
37.Rxf7 Kxf7 38.Qf4+ Kg8 39.Nf6+  1-0

[Event "POL-ch (Women)"]
[Site "Konin"]
[Date "1990.??.??"]
[Round "15"]
[White "Dabrowska, Krystyna"]
[Black "Lissowska, Anna"]
[Result "0-1"]
[WhiteElo "2160"]
[BlackElo "2220"]

1.e4 e6 2.d4 d5 3.Nd2 a6 4.Ngf3 c5 5.exd5 exd5 6.Be2 c4 7.O-O Bd6 8.Re1 Ne7
9.Nf1 O-O 10.Bg5 f6 11.Bh4 Nf5 12.Bg3 Nxg3 13.Nxg3 Nc6 14.Qd2 Qc7 15.c3 Ne7
16.Bd1 Ng6 17.Bc2 Bg4 18.Bxg6 hxg6 19.Qe2 Qd7 20.Nf1 Rfe8 21.Ne3 Bh5 22.Qd1 Bf4
23.b3 f5 24.Nc2 Re4 25.g3 Bc7 26.Kg2 Rae8 27.Qc1 f4 28.Ng1 fxg3 29.fxg3 Be2
30.Qd2 Bd3 31.Ne3 Qd6 32.Qf2 Qe6  0-1

[Event "Kuala Lumpur zt"]
[Site "Kuala Lumpur"]
[Date "1990.??.??"]
[Round "?"]
[White "Wang Zili"]
[Black "Lin Ta"]
[Result "0-1"]
[WhiteElo "2525"]
[BlackElo "2410"]

1.e4 e6 2.d4 d5 3.Nd2 a6 4.Ngf3 c5 5.exd5 exd5 6.Bd3 c4 7.Be2 Nc6 8.O-O Bd6
9.Re1 Nge7 10.Nf1 O-O 11.c3 b5 12.Bg5 f6 13.Bh4 Nf5 14.Bg3 Nxg3 15.hxg3 Ra7
16.N3d2 Bb8 17.Bf3 Qd6 18.Re3 Re7 19.Rxe7 Nxe7 20.Qe2 Bd7 21.Re1 Nc8 22.Bg4 f5
23.Bf3 Nb6 24.Qe7 Qxe7 25.Rxe7 Rf7 26.Re2 Kf8 27.Ne3 Re7 28.Kf1 Be6 29.Re1 g6
30.Bd1 Bd7 31.Nf3 a5 32.a3 Bd6 33.Bc2 Kg7 34.Ne5 Bxe5 35.dxe5 Rxe5 36.Nxf5+ Rxf5
37.Bxf5 Bxf5 38.Re7+ Kf6 39.Rb7 Na4 40.Rxb5 d4 41.Ke1 dxc3 42.bxc3 Nxc3 43.Rxa5 Nb1
44.a4 Ke6 45.g4 Bxg4 46.Rb5 Bf5 47.g4 Bd3 48.a5 c3 49.Rc5 Kd6 50.Rc8 Ba6
51.Rd8+ Kc7 52.Rd5 Kc6 53.Rd1 c2 54.Rc1 Bd3 55.f3 g5  0-1

[Event "Kuala Lumpur zt"]
[Site "Kuala Lumpur"]
[Date "1990.??.??"]
[Round "?"]
[White "Handoko, Edhi"]
[Black "Johansen, Darryl K"]
[Result "1/2-1/2"]
[WhiteElo "2370"]
[BlackElo "2420"]

1.e4 e6 2.d4 d5 3.Nd2 Nc6 4.Ngf3 Nf6 5.e5 Nd7 6.Bd3 f6 7.exf6 Qxf6 8.Nf1 e5
9.Ne3 exd4 10.Nxd5 Qe6+ 11.Qe2 Qxe2+ 12.Bxe2 Bd6 13.Bf4 Bxf4 14.Nxf4 Nb6
15.O-O-O O-O 16.g3 Rd8 17.Rd2 Bg4 18.Nxd4 Bxe2 19.Nfxe2 Nc4 20.Rdd1 Re8 21.b3 Nd6
22.Nc3 Ne5 23.Ndb5 Nxb5 24.Nxb5 Re7 25.f4 Ng4 26.Rd2 a6 27.Nc3 Rae8 28.h3 Nf6
29.g4 c6 30.Rhd1 g6 31.a4 a5 32.Rd8 Kf7 33.Rxe8 Nxe8 34.Rd3 Nc7 35.Rf3 b5
36.axb5 cxb5 37.Rd3 Ne6 38.Nxb5 Nxf4 39.Rf3 g5 40.Nd6+ Kg6 41.Nf5 Re4 42.c4 h5
43.Ng3 hxg4 44.hxg4 Rd4 45.Kb2 Ne6 46.Ka3 Rxg4 47.Ka4 Nd4 48.Re3  1/2-1/2

[Event "Lyon op"]
[Site "Lyon"]
[Date "1990.??.??"]
[Round "?"]
[White "Glek, Igor V"]
[Black "Blees, Albert"]
[Result "0-1"]
[WhiteElo "2535"]
[BlackElo "2400"]

1.e4 e6 2.d4 d5 3.Nd2 a6 4.Ngf3 c5 5.dxc5 Bxc5 6.Bd3 Nc6 7.a3 Nf6 8.O-O Qc7
9.b4 Be7 10.Bb2 dxe4 11.Nxe4 Nxe4 12.Bxe4 O-O 13.c4 Bd7 14.b5 Na5 15.Be5 Qc8
16.Rc1 Rd8 17.Qa4 f5 18.Bb1 b6 19.Nd4 Nb7 20.Qb3 Rf8 21.Qg3 Bf6 22.Nb3 Bxe5
23.Qxe5 Qb8 24.Qd4 Qc7 25.a4 Rfd8 26.Qe3 Rac8 27.bxa6 Nc5 28.Nd4 f4 29.Qh3 h6
30.Nb5 Qe5 31.Qa3 Bc6  0-1